Συμπίεση εικόνας με κβάντιση διανύσματος : πτυχιακή εργασία
Αποθηκεύτηκε σε:
| Κύριος συγγραφέας: | |
|---|---|
| Συγγραφή απο Οργανισμό/Αρχή: | |
| Μορφή: | Thesis Βιβλίο |
| Γλώσσα: | Greek |
| Δημοσίευση: |
2010.
|
| Θέματα: | |
| Διαθέσιμο Online: | http://hdl.handle.net/11610/10675 |
| Ετικέτες: |
Προσθήκη ετικέτας
Δεν υπάρχουν, Καταχωρήστε ετικέτα πρώτοι!
|
MARC
| LEADER | 00000cam a2200000 i 4500 | ||
|---|---|---|---|
| 001 | 1/10258 | ||
| 008 | 100920s2010 gre d | ||
| 035 | |l 10108947 | ||
| 040 | |a GR-MY-UA |b gre |e aacr | ||
| 041 | 0 | |a gre | |
| 082 | 0 | |a 006.696 |2 (22) | |
| 100 | 1 | |a Δαρζέντας, Δημήτρης. | |
| 245 | 1 | 0 | |a Συμπίεση εικόνας με κβάντιση διανύσματος : |b πτυχιακή εργασία / |c Δαρζέντας Δημήτρης ; επιβλέπων: Γεώργιος Τσεκούρας, συνεπιβλέποντες: Δαμιανός Γαβαλάς, Καλλονιάτης Χρήστος. |
| 260 | |c 2010. | ||
| 300 | |a 65 σ. ; |c 30 εκ. | ||
| 502 | |a Πτυχιακή εργασία – Πανεπιστήμιο Αιγαίου, Λέσβος, 2010. | ||
| 504 | |a Βιβλιογραφία: σ. 49-52. | ||
| 650 | 0 | 0 | |a Image compression. |
| 650 | 0 | 0 | |a Dissertations, Academic |z Greece. |
| 700 | 1 | |a Τσεκούρας, Γεώργιος, |e dgs | |
| 710 | 2 | |a Πανεπιστήμιο Αιγαίου. |b Σχολή Κοινωνικών Επιστημών. |b Τμήμα Πολιτισμικής Τεχνολογίας και Επικοινωνίας. | |
| 852 | |a INST |b LESVOS |c DIATR |e 20100920 |h 255 |p 005100048659 |q 005100048659 |t DIE |y 23 | ||
| 852 | |a INST |b LESVOS |c DIATR |e 20100920 |h 256 |p 005100048660 |q 005100048660 |t DIE |y 23 | ||
| 856 | |u http://hdl.handle.net/11610/10675 | ||
| 901 | |a BIBL1-2010-3 | ||
| 909 | |a Λ |b 166552 | ||
| 909 | |a Λ |b 166553 | ||
| 924 | |a ΔΑΡΖΕΝΤΑΣ |b ΔΗΜΗΤΡΗΣ |y ΛΕΣΒΟΣ |z 2010-04 | ||
| 970 | |a ΤΖΑΦΕΡΗ |b ΕΥΑΓΓΕΛΙΑ |z 2010/09/20 | ||